000 00275nam a22001097a 4500
008 160507b xxu||||| |||| 00| 0 eng d
020 _a0801603447
041 _aeng
080 _a573
245 _aDiagnostic microbiology:
_cEllen Jo Baron; Sydney M. Finegold;
942 _2udc
_cBK
999 _c1917
_d1917